| 000 | 01930nam a2200289 a 4500 | ||
|---|---|---|---|
| 001 | 000045234 | ||
| 003 | DO-SdBNP | ||
| 005 | 20240314073720.0 | ||
| 007 | ta | ||
| 008 | 150212e1987 dr ahocgr 001 edspa d | ||
| 040 |
_aDO-SdBNP _bspa _cBNPHU |
||
| 082 | 4 |
_bM375D _222 |
|
| 100 | 1 |
_aMarte, Roberto _912699 |
|
| 245 | 1 | 0 |
_aJuan Pablo Duarte y la Venezuela de su Epoca : _b(contribución al estudio de su vida en los Llanos de Apure) / _cRoberto Marte, Luis Cordero Velásquez; introducción, Luis Julián Pérez. |
| 260 |
_aSanto Domingo : _bBanco Central de la República Dominicana, _c1987 |
||
| 300 |
_a153 p. : _bil., ret. fasc., fotogr. ; _c23 cm. |
||
| 500 | _aIncluye datos biográfico de los autores en la contracubierta. | ||
| 500 | _aIncluye bibliografía y notas al pie de páginas | ||
| 505 |
_aIntroducción _tPalabras liminares.-- _tEl exilio de Duarte.-- _tUna investigación demandada.-- _tDuarte se interna en al Amazonas.-- _tEl libertador Dominicano e el país llanero.-- _tLa misión investigadora en pos de las huellas duartianas en Venezuela.-- _t¿Por qué Achaguas?.-- _tLa agitación social y los cambios políticos en Venezuela.-- _tDuarte y el descontento social venezolano.-- _tDuarte y la situación de Achaguas y del Apure de su época.-- _tEl inigmático transcurrir de Duarte en los Llanos venezolanos.-- _tLa insurgencia social en Venezuela a mediados del Siglo XIX.-- _tLa joven Achaguas.-- _tMarcelino Muñoz en apure. Su deseo.-- _tEstalla la guerra federal.-- _tDuarte pierde sus documentos.-- _tApéndice.-- _tManifiestos probatorios de la investigación Duartiana en los archivos de Apure.-- |
||
| 590 | _aInventariado 2023 / MF | ||
| 600 | 1 | 0 |
_aDuarte, Juan Pablo, _d1813-1876 _vBiografía _91494 |
| 650 |
_aDuarte _vBiografía _zRepública Dominicana _983083 |
||
| 700 | 1 |
_aCordero Velásquez, Luis _973253 |
|
| 700 | 2 |
_aPérez, Luis Julián, _eintr. _914856 |
|
| 910 | _aMFeliz | ||
| 942 |
_2ddc _cLBS1 |
||
| 999 |
_c44723 _d44723 |
||